| 000 | 00371nam a2200157Ia 4500 | ||
|---|---|---|---|
| 100 | _aNone | ||
| 490 | _v50 | ||
| 942 | _cBK | ||
| 654 | _aelectronics | ||
| 245 | _aData Formatting & Carrier Mod Transmitter trainer- ST 2106 & ST 2107 WB | ||
| 260 |
_bScientific Sales _aIndore |
||
| 082 |
_a621.381536 _bSCI |
||
| 300 | _a104 | ||
| 546 | _aENGLISH | ||
| 999 |
_c19913 _d19913 |
||